A Place In This World lyrics - Statistics

General Stats
  • This quiz has been taken 44 times
  • The average score is 198 of 233
Answer Stats
Lyrics % Correct
a
100%
I
100%
I'm
100%
in
100%
place
100%
this
100%
who
100%
world
100%
and
93%
And
93%
do,
93%
do
93%
don't
93%
Don't
93%
just
93%
know
93%
my
93%
the
93%
to
93%
what
93%
be
87%
but
87%
'Cause
87%
find
87%
girl,
87%
girl
87%
it
87%
me
87%
on
87%
on,
87%
so
87%
that's
87%
trying
87%
Trying
87%
want,
87%
all
80%
alone
80%
alone,
80%
ask
80%
Got
80%
got
80%
I'll
80%
life
80%
not
80%
Oh,
80%
oh
80%
oh,
80%
own
80%
own,
80%
you
80%
could
73%
goes
73%
mission,
73%
one
73%
only
73%
out
73%
ready
73%
strong,
73%
tell
73%
what's
73%
wrong
73%
blue
67%
fly
67%
jeans,
67%
mystery,
67%
okay
67%
radio
67%
road,
67%
still
67%
walking
67%
way
67%
down
60%
Feeling
60%
feels
60%
figure
60%
lucky
60%
more
60%
need?
60%
old
60%
see
60%
sunshine,
60%
through
60%
today,
60%
tomorrow's
60%
yeah,
60%
coming
53%
Maybe
53%
rain
53%
wearing
53%
Even
47%
heart
47%
sleeve
47%
though
47%
No matching quizzes found
Score Distribution
Percent of People with Each Score
Percentile by Number Answered
Your Score History
You have not taken this quiz